Pays de la Coupe du monde de rugby 2027 - Mort subite. - Statistiques

Statistiques générales
  • Ce quiz a été pris 165 fois
  • Le résultat moyen est 15 sur 24
Answers on the Grid
Answers color-coded by a green-red scale on the quiz's grid according to % correct below.
France
Australie
Nouvelle-Zélande
Afrique du Sud
Angleterre
Argentine
Pays de Galles
Irlande
Italie
Ecosse
Roumanie
Géorgie
Portugal
Espagne
Japon
Hong Kong
Chili
Uruguay
Etats-Unis
Canada
Fidji
Samoa
Tonga
Zimbabwe
Namibie
Côte d'Ivoire
Belgique
Brésil
Mexique
Iles Cook
Pays-Bas
Papouasie-Nouvelle-Guinée
Corée du Sud
Zambie
Chine
Tuvalu
 
Statistiques - réponses
Réponse % Correct
Ecosse
82%
France
80%
Pays de Galles
79%
Angleterre
78%
Italie
78%
Afrique du Sud
76%
Australie
76%
Argentine
74%
Fidji
74%
Nouvelle-Zélande
73%
Irlande
72%
Japon
69%
Tonga
65%
Samoa
59%
Uruguay
59%
Etats-Unis
55%
Géorgie
54%
Portugal
48%
Canada
46%
Roumanie
46%
Espagne
43%
Hong Kong
40%
Chili
38%
Zimbabwe
31%
Aucun quiz correspondant
Distribution des résultats
% des personnes avec chaque résultat
Percentile par nombre de réponses
Votre historique - résultats
Vous n’avez pas pris ce quiz